Rezné materiály pre HSC

Salvato in:
Dettagli Bibliografici
Autore principale: Baránek, Ivan, 1947- (Autore)
Natura: Libro
Lingua:slovacco
Pubblicazione: Trnava : AlumniPress, 2007
Edizione:1. vyd
Serie:Vedecké monografie 16/2007
Soggetti:
Accesso online:WWW
Tags: Aggiungi Tag
Nessun Tag, puoi essere il primo ad aggiungerne!!

MARC

LEADER 00000nam a22000003a 4500
001 stu152483
005 20221209143106.0
008 071128s2007----xo------------------slo-d
020 |a 978-80-8096-037-7 
040 |a STU  |b slo 
041 0 |a slo 
044 |a xo 
080 |a 621.9  |7 stu_us_auth*stu8061 
100 1 |a Baránek, Ivan,  |d 1947-  |4 aut  |u M3000  |9 100  |U MTF Materiálovotechnologická fakulta  |T MTF Ústav výrobných technológií  |X 3578  |U M3000  |Y 83  |7 A000003578 
245 1 |a Rezné materiály pre HSC 
250 |a 1. vyd 
260 |a Trnava :  |b AlumniPress,  |c 2007 
300 |a 103 s 
650 7 |a rezné materiály  |2 stusub 
650 7 |a obrábanie  |2 stusub 
650 7 |a vysokorýchlostné obrábanie  |2 stusub 
650 7 |a tvrdé obrábanie  |2 stusub 
650 7 |a suché obrábanie  |2 stusub 
830 0 |a Vedecké monografie  |v 16/2007 
856 4 |a http://www.mtf.stuba.sk  |u http://www.mtf.stuba.sk  |3 WWW 
996 |b 284M067055  |c M*12237-1  |l MMKN  |s A  |a 24  |w stu152483_0001 
996 |c M* DigP-309  |l M  |s P  |a 0  |w stu152483_0002